| 000 | 00470nam a2200133 i 4500 | ||
|---|---|---|---|
| 001 | 43109 | ||
| 003 | ES-MaACL | ||
| 007 | t| | ||
| 008 | 030314s1880 sp ||||1| cat d | ||
| 110 | 2 |
_aCentre Catalanista Provensalench. _92539 |
|
| 245 | 1 | 0 |
_aPrimer certamen literari celebrat en S. Marti de Provensals en lo dia 11 de novembre de 1880 / _cCentre Catalanista Provensalench. |
| 260 |
_aBarcelona : _b[s.n.], _c1881 ( _fTip. La Renaixensa) |
||
| 852 |
_aES-MaACL _jT-364-F-17 |
||
| 999 |
_c43109 _d43109 |
||